San Francisco Giants Players - Sudden Death - Statistics

General Stats
  • This quiz has been taken 60 times
  • The average score is 15 of 17
Answers on the Grid
Answers color-coded by a green-red scale on the quiz's grid according to % correct below.
Aaron Judge
Alex Bregman
Barry Bonds
Brandon Crawford
Buster Posey
Buster Posey
Christy Mathewson
Clayton Kershaw
Corey Seager
David Ortiz
Felix Hernandez
Gaylord Perry
Ichiro Suzuki
Juan Marichal
Justin Verlander
Logan Webb
Madison Bumgarner
Matt Olson
Max Scherzer
Mel Ott
Orlando Cepeda
Pee Wee Reese
Rafael Devers
Ryan Zimmerman
Tim Lincecum
Todd Helton
Tony Gwynn
Will Clark
Willie Mays
Willie McCovey
 
Answer Stats
Answer % Correct
Barry Bonds
97%
Buster Posey
97%
Buster Posey
97%
Brandon Crawford
90%
Madison Bumgarner
90%
Willie Mays
90%
Justin Verlander
87%
Logan Webb
87%
Tim Lincecum
87%
Willie McCovey
87%
Gaylord Perry
84%
Juan Marichal
84%
Orlando Cepeda
84%
Christy Mathewson
77%
Mel Ott
77%
Will Clark
77%
Rafael Devers
74%
No matching quizzes found
Score Distribution
Percent of People with Each Score
Percentile by Number Answered
Your Score History
You have not taken this quiz